Entrevista sobre el siglo XXI
Gespeichert in:
| 1. Verfasser: | |
|---|---|
| Format: | Buch |
| Sprache: | Spanisch |
| Veröffentlicht: |
Barcelona, España
Crítica
2000
|
| Schlagworte: | |
| Tags: |
Tag hinzufügen
Keine Tags, Fügen Sie den ersten Tag hinzu!
|
MARC
| LEADER | 00000nam a2200000 a 4500 | ||
|---|---|---|---|
| 001 | UCL7112 | ||
| 003 | CL-VaPUC | ||
| 005 | 20210609001727.0 | ||
| 008 | 040430e20000000SP |||||||||||||||||spa|d | ||
| 999 | |c 308972 |d 308970 | ||
| 020 | |a 8484320510 | ||
| 040 | |c Pontificia Universidad Católica de Valparaíso | ||
| 082 | 0 | 4 | |a 909.83 HOB 2000 |2 21 |
| 100 | |a Hobsbawm, Eric J |e author |9 484887 | ||
| 245 | 1 | 0 | |a Entrevista sobre el siglo XXI |
| 260 | |a Barcelona, España |b Crítica |c 2000 | ||
| 300 | |a 220 páginas | ||
| 583 | |a last modification |c 20040430 00:00:00 |k Rodrigo Vera | ||
| 650 | 0 | |a Historia contemporánea |9 343224 | |
| 650 | 7 | |a FUTUROLOGIA |2 CL-VaPUC |9 328866 | |
| 942 | |c BK |2 ddc | ||
| 945 | |d 20040430 00:00:00 |a cmena | ||
| 952 | |0 0 |1 0 |2 ddc |4 0 |6 909_830000000000000_HOB_2000 |7 0 |8 A |9 375981 |a BIBHIS |b BIBHIS |d 2019-11-21 |i 4010817 |l 1 |o 909.83 HOB 2000 |p 4010817 |r 2025-01-20 |s 2022-03-28 |t 1 |w 2019-11-21 |y BK |k HIS | ||
| 952 | |0 0 |1 0 |2 ddc |4 0 |6 909_830000000000000_HOB_2000 |7 0 |8 A |9 375982 |a BIBHIS |b BIBHIS |d 2019-11-21 |i 4190750 |o 909.83 HOB 2000 |p 4190750 |r 2025-01-20 |t 2 |w 2019-11-21 |y BK |k HIS | ||